000 00813nam a2200241 i 4500
001 124749
003 ES-MaACL
005 20250809112659.0
007 t|
008 070418s1924 sp ||||1| spa d
080 _a821.134.2-23"19"
100 1 _aSerrano Anguita, Francisco.
_9105731
245 1 0 _aEn el llano
_b: drama en tres actos /
_coriginal de Francisco Serrano Anguita y José L. Mayral.
260 _a[Madrid :
_bLa Novela Teatral,
_c1924]
300 _a16 h. ;
_c20 cm.
490 1 _aLa novela teatral ;
_v399
500 _aEn la cub. caricatura de José Tellaeche por Tovar.
700 1 _aMayral, J. L.,
_d1893-1941
_979441
700 0 _aTovar
_c, ilustrador.
_9157378
830 0 _aLa novela teatral ;
_v399
_9122427
852 _aES-MaACL
_j2216-F-45
_bR.138819
999 _c124749
_d124749